| 000 | 00481nam a2200205Ia 4500 | ||
|---|---|---|---|
| 005 | 20240823033336.0 | ||
| 008 | 240823s9999||||xx |||||||||||||| ||und|| | ||
| 020 | _a81-7478-467-5 | ||
| 041 | _aTAMIL | ||
| 082 | _A501 Q1 | ||
| 100 | _aUday Lal L | ||
| 245 | 0 | _aAthisaya Ariviyal Kandupidippugal | |
| 250 | _a1st | ||
| 260 |
_c2011 _bsura pathi |
||
| 500 | _aDISPLAY | ||
| 650 |
_aTamil Books _bGeneral |
||
| 700 | _a Lakshmi Viswanathan | ||
| 942 | _cBK | ||
| 999 |
_c195582 _d195582 |
||